| 000 | 01145nam a2200325Ia 4500 | ||
|---|---|---|---|
| 003 | GCL | ||
| 008 | 140319s9999 xx 000 0 ara d | ||
| 040 |
_aGCL / _cGCL |
||
| 082 | 0 | 4 |
_a157.61 _bب ش |
| 100 | 1 | _aبارير اكوتمان يكتل | |
| 245 | 1 | 0 |
_aدور الاباء فى مساعدة ابنائهم على: الشفاء من الادمان / _cبارير اكوتمان يكتل |
| 700 | 1 | _aزكريا عبد العزيز حليم | |
| 700 | 1 | _aسعاد موسى | |
| 700 | 1 | _aشويكار ذكى | |
| 260 |
_a[S.N] : _bالدار الدولية للنشر والتوزيع ، _c1994 |
||
| 300 | _a171 | ||
| 490 | _a | ||
| 650 | 0 | 4 | _aالاسرة |
| 650 | 0 | 4 | _aادمان المخدرات |
| 650 | 0 | 4 | _aالمخدرات والشباب |
| 650 | 0 | 4 | _aالخدمة الاجتماعية |
| 650 | 0 | 4 | _aالعلاقات الانسانية |
| 650 | 0 | 4 | _aالعلاقات الاسرية |
| 650 | 0 | 4 | _aالمخدرات |
| 650 | 0 | 4 | _aمكافحة المخدرات |
| 650 | 0 | 4 | _aالعلاج النفسى |
| 650 | 0 | 4 | _aالاباء والابناء |
| 650 | 0 | 4 | _aالفساد الاجتماعى |
| 942 |
_2ddc _cBK |
||
| 999 |
_c58902 _d58902 |
||